[Event "45th Olympiad Budapest 2024"]
[Site "Budapest"]
[Date "2024.09.11"]
[Round "1"]
[Board "4"]
[White "Doluhanova, Evgeniya"]
[Black "Sezdbekova, Aizhan"]
[Result "1-0"]
[WhiteElo "2304"]
[BlackElo "1799"]
[PlyCount "91"]
[EventDate "2024.09.11"]
[EventType "team-tourn"]
[EventRounds "11"]
[EventCountry "HUN"]
[WhiteTeam "Ukraine"]
[BlackTeam "Kyrgyzstan"]
[WhiteTeamCountry "UKR"]
[BlackTeamCountry "KGZ"]

1. Nf3 Nf6 2. e3 d5 3. c4 e6 4. Nc3 c5 5. cxd5 exd5 6. d4 Nc6 7. Be2 cxd4 8. Nxd4 Bc5 9. O-O O-O 10. Nxc6 bxc6 11. b3 Qe7 12. Qc2 $146 ({RR} 12. Bb2 Ne4 13. Nxe4 dxe4 14. Qc2 Bb7 15. Rfd1 Rad8 16. Bc4 Kh8 17. Rxd8 Rxd8 18. Rd1 Bd6 19. g3 Bc8 20. Be2 Bd7 21. Qc3 f6 22. Qa5 Bh3 23. Rd4 Rb8 24. Qa4 Be5 25. Ba3 Qc7 26. Rxe4 Rd8 {1-0 Souza Mendes,J-Farias,S BRA-ch Vitoria 1961 (5)}) ({RR} 12. Bb2 Bd7 13. Bf3 Rac8 14. Rc1 Rfd8 15. Re1 Bf5 16. Ne2 Bb6 17. Nd4 Bd7 18. g3 Ne4 19. Bg4 Bxg4 20. Qxg4 Bxd4 21. Bxd4 f6 22. Rc2 Rc7 23. Rec1 Rdc8 24. b4 h5 25. Qxh5 Qxb4 26. Bc5 Qb5 {0-1 Atanasov,A (2417)-Rahul,S (2452) 1000GM Memorial Day 2024 (7.6)}) ({RR} 12. Bb2 Bd7 13. Rc1 Rab8 14. Bf3 Bd6 15. Re1 Rfe8 16. e4 Qe5 17. g3 Qg5 18. exd5 Rxe1+ 19. Qxe1 cxd5 20. Qd1 Be6 21. Qd4 h5 22. Ne2 Rb6 23. Qa4 Ne4 24. Qxa7 Rb8 25. Bxe4 dxe4 26. Rd1 Rd8 {½-½ Keene,R (2460)-Johannsson,I (2395) Reykjavik International-07 1976 (9)}) ({RR} 12. Bb2 Bd6 13. Bf3 Rd8 14. Qd4 Be5 15. Qh4 Bb7 16. Na4 Bxb2 17. Nxb2 Ba6 18. Rfd1 Rac8 19. Qa4 Qb7 20. Rac1 Qb6 21. Qa3 Bb5 22. Nd3 Bxd3 23. Rxd3 Ne4 24. Bxe4 dxe4 25. Rdc3 Qb5 26. Rc4 Rd2 {½-½ Koehler,G (2189)-Santolini,L (2178) World Senior Teams +65 2023 (8.4)}) 12... Bd7 13. Bb2 Rac8 14. Bd3 Bd6 15. Rfe1 Rfe8 16. h3 h6 17. Bf1 Qe5 18. g3 Qh5 19. Qd1 Qg6 20. Bg2 Bf5 21. Rc1 Bb8 22. Ne2 Ne4 23. Nf4 Bxf4 24. exf4 Qd6 25. g4 Bh7 26. Qd4 Nf6 27. Rxe8+ Rxe8 28. f5 Re7 29. Bf3 Ne8 30. Kg2 f6 31. Rxc6 Qxc6 32. Bxd5+ Qxd5+ 33. Qxd5+ Kh8 34. Qd8 Re2 35. Bd4 Bg8 36. Be3 Bf7 37. a4 Kh7 38. a5 g6 39. fxg6+ Bxg6 40. b4 a6 41. Kf3 Rb2 42. Qe7+ Ng7 43. h4 h5 44. g5 fxg5 45. Bd4 Rb3+ 46. Kg2 1-0

[Event "45th Olympiad Budapest 2024"]
[Site "Budapest"]
[Date "2024.09.11"]
[Round "1"]
[Board "1"]
[White "Fataliyeva, Ulviyya"]
[Black "Granados Ortiz, Maria Jose"]
[Result "1-0"]
[WhiteElo "2378"]
[BlackElo "1935"]
[PlyCount "35"]
[EventDate "2024.09.11"]
[EventType "team-tourn"]
[EventRounds "11"]
[EventCountry "HUN"]
[WhiteTeam "Azerbaijan"]
[BlackTeam "Nicaragua"]
[WhiteTeamCountry "AZE"]
[BlackTeamCountry "NCA"]

1. d4 d5 2. Bf4 Bf5 3. Nc3 e6 4. Nf3 Nf6 5. e3 Bd6 6. Ne5 O-O ({RR} 6... Nbd7 7. Bd3 Bxd3 8. cxd3 O-O 9. O-O a6 10. e4 Be7 11. Qb3 Nxe5 12. Bxe5 b5 13. exd5 exd5 14. Rac1 c6 15. Nd1 Rc8 16. Ne3 Re8 17. Rc2 Nd7 18. Rfc1 Bg5 19. Rxc6 Rxc6 20. Rxc6 Nxe5 21. dxe5 {0-1 Bortnyk,O (2605)-Firouzja,A (2785) Titled Tue 2nd May Early 2023 (10)}) 7. g4 Bg6 ({RR} 7... Bxe5 8. dxe5 Nxg4 9. Rg1 Qh4 10. Bg3 Qe7 11. Bf4 Qh4 12. Bg3 Qe7 13. Bf4 Qb4 14. a3 Qxb2 15. Na4 Qxc2 16. Qxc2 Bxc2 17. Rxg4 h5 18. Rg3 Bxa4 19. Bh6 g6 20. Bxf8 Kxf8 21. Rc1 c6 22. e4 {0-1 Sabirov,R (2123)-Lain,L (2236) 51st Sparkassen Open A 2024 (9.30)}) 8. h4 Ne4 $146 ({RR} 8... h5 9. Nxg6 fxg6 10. g5 Bxf4 11. gxf6 Bh6 12. fxg7 Kxg7 13. f4 Nd7 14. Qd3 Qf6 15. O-O-O c5 16. Rg1 c4 17. Qe2 Qxh4 18. Qg2 Qf6 19. Kb1 Kh7 20. e4 Bxf4 21. exd5 Be3 22. Ne4 Qf5 23. Nd6 {1-0 Sharbaf,M (2417)-Bahadori,A Urumia op 2nd 2008 (1)}) ({RR} 8... h5 9. Nxg6 fxg6 10. Bxd6 Qxd6 11. gxh5 gxh5 12. Be2 c5 13. Qd2 Nc6 14. O-O-O Rac8 15. Rhg1 Ne4 16. Nxe4 dxe4 17. Bxh5 cxd4 18. exd4 Qf4 19. Bg4 Rce8 20. Qxf4 Rxf4 21. Rg2 Rf6 22. c3 Kf7 23. Bxe6+ {1-0 Buksa,N (2405)-Shapiro,V (2192) Titled Tue 28th Feb Early 2023 (6)}) ({RR} 8... h5 9. Nxg6 fxg6 10. Bxd6 cxd6 11. g5 Ne4 12. Nxe4 dxe4 13. Bh3 Qe7 14. d5 e5 15. Bg2 Nd7 16. Bxe4 Qf7 17. Qd2 Nc5 18. Bg2 a5 19. f3 a4 20. O-O-O a3 21. b3 Qc7 22. Kb1 Na4 23. c4 {1-0 Horvath,D (2446)-Enoeckl,P (2276) AUT-ch Zwisch Internet blitz 2020 (11)}) 9. Nxe4 Bxe4 10. f3 f6 11. fxe4 fxe5 12. dxe5 Be7 13. g5 c6 14. Qg4 Qd7 15. O-O-O Bc5 16. Bd3 Qe7 17. exd5 cxd5 18. Bxh7+ 1-0

[Event "45th Olympiad Budapest 2024"]
[Site "Budapest"]
[Date "2024.09.11"]
[Round "1"]
[Board "1"]
[White "Fuad Kamel Jamaliah, Natalie"]
[Black "Tokhirjonova, Gulrukhbegim"]
[Result "0-1"]
[WhiteElo "2003"]
[BlackElo "2380"]
[PlyCount "114"]
[EventDate "2024.09.11"]
[EventType "team-tourn"]
[EventRounds "11"]
[EventCountry "HUN"]
[WhiteTeam "Jordan"]
[BlackTeam "United States of America"]
[WhiteTeamCountry "JOR"]

1. d4 d5 2. Bf4 Nf6 3. e3 e6 4. Nf3 c5 5. c3 Nc6 6. Nbd2 Nh5 7. Bg3 Nxg3 ({RR} 7... cxd4 8. exd4 Nxg3 9. hxg3 g6 10. Ne5 Bg7 11. f4 Qb6 12. Qb3 O-O 13. Ndf3 f6 14. Nd3 Qc7 15. O-O-O Na5 16. Qc2 Nc4 17. Re1 b6 18. g4 Bd7 19. g3 Rac8 20. g5 Rf7 21. Bh3 f5 22. Bf1 {0-1 Kamsky,G (2666)-Shipov,S (2541) Titled Tue 15th Nov Early 2022 (9)}) 8. hxg3 Bd6 9. Qc2 ({RR} 9. Bd3 h6 10. Qe2 c4 11. Bc2 b5 12. e4 Qe7 13. e5 Bc7 14. O-O b4 15. Nh2 bxc3 16. bxc3 Ba5 17. Ba4 Bd7 18. Rac1 Qa3 19. Bxc6 Bxc6 20. Nb1 Qe7 21. Qg4 O-O 22. f4 Rab8 23. f5 exf5 {0-1 Hernandez,A (1976)-Minko,D (2247) Titled Tue 12th Mar Early 2024 (6)}) 9... h6 10. O-O-O $146 ({RR} 10. e4 dxe4 11. dxc5 exf3 12. cxd6 fxg2 13. Bxg2 Qxd6 14. O-O-O O-O 15. Ne4 Qe7 16. g4 f5 17. gxf5 exf5 18. Ng3 Qg5+ 19. Kb1 Be6 20. Rhe1 Bf7 21. Bd5 Bxd5 22. Rxd5 Rad8 23. Rxf5 Rxf5 24. Nxf5 Rd2 {0-1 Zapp,H-Peiter,A Oberliga Sued W 9394 1993}) ({RR} 10. b3 Bd7 11. c4 cxd4 12. exd4 Qf6 13. Qb2 O-O 14. Be2 dxc4 15. Nxc4 Bb4+ 16. Ncd2 Rac8 17. O-O Nxd4 18. Qxd4 Qxd4 19. Nxd4 Bxd2 20. Rfd1 Bc3 21. Rab1 Bxd4 22. Rxd4 Bc6 23. Rc1 Bd5 24. Rdd1 Rfd8 {0-1 Kealar,I (1310)-Bardis,H (2015) GRE-ch U18 23rd 2020 (1)}) 10... cxd4 11. exd4 Bd7 12. Kb1 Rc8 13. Re1 Be7 14. Bb5 Qb6 15. Bxc6 bxc6 16. Ne5 c5 17. Nxd7 Kxd7 18. Nf3 Bf6 19. dxc5 Rxc5 20. Ne5+ Ke7 21. Qb3 Rb8 22. Qxb6 Rxb6 23. Ka1 d4 24. Nd3 Rc7 25. cxd4 Bxd4 26. Re2 Rd7 27. Kb1 Rb5 28. Rc1 a5 29. Rec2 e5 30. Nc5 Rc7 31. Ne4 Rcb7 32. Rc7+ Rxc7 33. Rxc7+ Ke6 34. Rc2 f5 35. Nc3 Rc5 36. Nd1 Rd5 37. a3 e4 38. Re2 g5 39. g4 fxg4 40. Rxe4+ Kf5 41. Re8 h5 42. Kc2 Kg6 43. Re4 Rd7 44. Re6+ Kf5 45. Ra6 Ra7 46. Rd6 Be5 47. Rd8 Rc7+ 48. Kd3 Rb7 49. Kc2 Ke6 50. Rg8 Bf6 51. Ra8 h4 52. Ra6+ Kf7 53. Ne3 h3 54. gxh3 gxh3 55. Ng4 Bg7 56. Rxa5 Rxb2+ 57. Kc1 Kg6 0-1

[Event "45th Olympiad Budapest 2024"]
[Site "Budapest"]
[Date "2024.09.11"]
[Round "1"]
[Board "1"]
[White "Wagner, Dinara"]
[Black "Henderson De La Fuente, Andrea"]
[Result "1-0"]
[WhiteElo "2452"]
[BlackElo "1986"]
[PlyCount "77"]
[EventDate "2024.09.11"]
[EventType "team-tourn"]
[EventRounds "11"]
[EventCountry "HUN"]
[WhiteTeam "Germany"]
[BlackTeam "Andorra"]
[WhiteTeamCountry "GER"]
[BlackTeamCountry "AND"]

1. d4 Nf6 2. c4 d6 3. Nf3 Nbd7 4. Nc3 e5 5. g3 Be7 6. Bg2 c6 7. e4 O-O 8. O-O Re8 9. h3 exd4 ({RR} 9... a5 10. Be3 Bf8 11. Qc2 h6 12. Rfe1 Nh7 13. Rad1 Qc7 14. b3 Ndf6 15. Kh2 g5 16. Na4 g4 17. Nh4 Ng5 18. dxe5 Rxe5 19. Nb6 gxh3 20. Nxa8 Ng4+ 21. Kg1 Qb8 22. Bxg5 hxg5 23. Nf3 hxg2 24. Nb6 {½-½ Grachev,B (2673)-Motylev,A (2686) Moscow-ch blitz 68th 2014 (7)}) 10. Nxd4 Nc5 $146 ({RR} 10... Bf8 11. Qc2 a5 12. Be3 Nc5 13. Rad1 Qc7 14. b3 Bd7 15. Bg5 Be7 16. Bf4 Rad8 17. Rfe1 Bf8 18. Bg5 Be7 19. Re2 Ne6 20. Be3 Bf8 21. Nf5 Nc5 22. g4 Bxf5 23. exf5 Nfd7 24. Rde1 h6 25. h4 {1-0 Baumegger,S (2411)-Denk,A (2293) Niederoesterreich Landesliga 0607 2006 (8)}) ({RR} 10... Bf8 11. Re1 a5 12. b3 Nc5 13. Qc2 h6 14. Be3 Qc7 15. Rad1 Be6 16. f4 Rad8 17. Bf2 Bc8 18. g4 g6 19. Kh1 Bg7 20. Bg3 Qb6 21. Bf2 Qc7 22. Nde2 Bxg4 23. hxg4 Nxg4 24. Bd4 Bxd4 25. Nxd4 {0-1 Gholami Orimi,M (2470)-Diaz Perez,M (2464) Titled Tue 19th Mar Late 2024 (2)}) ({RR} 10... Nb6 11. Qd3 Bf8 12. Rd1 Nfd7 13. b3 Ne5 14. Qf1 Qc7 15. Be3 Nbd7 16. f4 Ng6 17. Qf3 a6 18. Rac1 Nf6 19. Bf2 h5 20. Nc2 Bd7 21. Ne3 Qa5 22. c5 dxc5 23. e5 Nd5 24. Nc4 Qd8 25. Nxd5 {1-0 Ungureanu,E-Urzica,A ROM-ch32 Final 1968 (4)}) ({RR} 10... Bf8 11. b3 a5 12. Re1 Nc5 13. Kh2 g6 14. Rb1 Bg7 15. f3 Nfd7 16. Be3 h5 17. f4 Bh6 18. Qd2 Qe7 19. Rbd1 Nf6 20. Bg1 h4 21. g4 Nxg4+ 22. hxg4 Bxg4 23. Nde2 Rad8 24. Bxc5 dxc5 25. Qe3 {½-½ Pieper Emden,C (2405)-Vonthron,H (2405) Bundesliga 9091 1990 [3]}) 11. Re1 Ne6 12. Be3 Bf8 13. Qd2 g6 14. Rad1 Qc7 15. f4 Nc5 16. Bf2 a5 17. g4 Nfd7 18. Nf3 a4 19. Qc2 Qa5 20. Nd4 Bg7 21. g5 Qb4 22. Bf1 a3 23. b3 Nf8 24. Bg2 Nfe6 25. Nxe6 Nxe6 26. Ne2 h6 27. h4 hxg5 28. hxg5 Rd8 29. Bf3 Bd7 30. Qd2 Qxd2 31. Rxd2 Bf8 32. Red1 Be8 33. Be3 Be7 34. Nc3 Rdc8 35. Kf2 Kf8 36. Kg3 Ra6 37. Rh2 f6 38. Bg4 Bf7 39. Rh8+ 1-0

[Event "45th Olympiad Budapest 2024"]
[Site "Budapest"]
[Date "2024.09.11"]
[Round "1"]
[Board "4"]
[White "Muratet Carmona, Alexandra"]
[Black "Schulze, Lara"]
[Result "0-1"]
[WhiteElo "1796"]
[BlackElo "2283"]
[PlyCount "54"]
[EventDate "2024.09.11"]
[EventType "team-tourn"]
[EventRounds "11"]
[EventCountry "HUN"]
[WhiteTeam "Andorra"]
[BlackTeam "Germany"]
[WhiteTeamCountry "AND"]
[BlackTeamCountry "GER"]

1. e4 c5 2. Nf3 d6 3. d4 cxd4 4. Nxd4 Nf6 5. Nc3 Nc6 6. Bg5 e6 7. Qd2 a6 8. O-O-O Bd7 9. Kb1 Nxd4 10. Qxd4 Be7 11. f4 ({RR} 11. f3 Qc7 12. Qd2 b5 13. h4 h6 14. Be3 h5 15. Bd3 b4 16. Ne2 a5 17. c3 Qb7 18. Bg5 O-O 19. c4 a4 20. Nf4 Bc6 21. Bxf6 Bxf6 22. Nxh5 Bd4 23. Rh3 Ra5 24. g4 a3 25. b3 Bc3 {0-1 Voicu Jagodzinsky,C (2258)-Schulze,L (2297) GER-ch (Women) 2022 (4)}) 11... Bc6 12. Rg1 $146 ({RR} 12. Be2 Qa5 13. Bf3 O-O 14. Rhf1 Qc5 15. Qxc5 dxc5 16. e5 Bxf3 17. gxf3 Nd5 18. Nxd5 Bxg5 19. fxg5 exd5 20. Rxd5 Rac8 21. Rd6 Rfe8 22. f4 Rc7 23. Rfd1 Kf8 24. c4 Ke7 25. Kc2 Rf8 26. f5 Rfc8 {1-0 Ferry,E (2002)-Schmerwitz,R (1892) SCO-ch Hamilton 2010 (5)}) ({RR} 12. f5 Qa5 13. Bc4 exf5 14. Rhf1 fxe4 15. Nxe4 Bxe4 16. Bxf6 Bxf6 17. Qxe4+ Qe5 18. Qxb7 O-O 19. Bxf7+ Kh8 20. Rfe1 Ra7 21. Qb3 Qxb2+ 22. Qxb2 Bxb2 23. Kxb2 Raxf7 24. Rxd6 Rf2 25. Rxa6 Rxg2 26. h3 Rb8+ {½-½ Giri,A (2780)-Abdusattorov,N (2734) WR Chess Masters 2023 (8.5)}) ({RR} 12. f5 e5 13. Qd3 Ng4 14. Bxe7 Qxe7 15. Qf3 Nf6 16. g4 h6 17. Bc4 O-O-O 18. Bb3 Kb8 19. h4 g5 20. h5 Qc7 21. Rd2 Rc8 22. Rhd1 Rhd8 23. Qe2 Rd7 24. a3 Rcd8 25. Bd5 Qb6 26. Ka1 Ka7 {½-½ Stevens,A (1855)-Vatsal,S (2259) 1000GM Vegas IMC 2024 (5.3)}) ({RR} 12. f5 Qa5 13. Bc4 exf5 14. Rhf1 fxe4 15. h4 Qe5 16. Qd2 h6 17. Be3 O-O 18. Bd4 Qh5 19. Rf4 d5 20. Be2 Qg6 21. Rdf1 Nh5 22. Bxh5 Qxh5 23. g4 Qxh4 24. g5 Bxg5 25. Qg2 Qh5 26. Rf5 Rad8 {0-1 Seo,J (2480)-Schwartz,J (2136) Elite Hotels Stockholm GP 2023 (4.8)}) ({RR} 12. Bc4 h6 13. Bh4 O-O 14. f5 e5 15. Qd3 Nxe4 16. Nxe4 Bxh4 17. Nxd6 Qe7 18. Bd5 Bxd5 19. Qxd5 Rad8 20. Rhf1 Bf6 21. Rfe1 e4 22. Rxe4 Rxd6 23. Rxe7 Rxd5 24. Rxd5 Bxe7 25. Rd7 Rd8 {0-1 Rey Malde,H (2207)-Ilinca,F (2331) Benidorm Open A 2023 (9.4)}) 12... Qa5 13. g4 h6 14. Bh4 g5 15. fxg5 hxg5 16. Be1 Qe5 17. Qxe5 dxe5 18. Bd3 Bc5 19. Rg2 Be3 20. Bd2 Bf4 21. Rf1 Rd8 22. Bc1 Rh4 23. Rgf2 Nxg4 24. Re2 Ke7 25. Nd1 Nxh2 26. Rff2 Ng4 27. Rg2 Rh1 0-1

[Event "45th Olympiad Budapest 2024"]
[Site "Budapest"]
[Date "2024.09.11"]
[Round "1"]
[Board "2"]
[White "Vega Gutierrez, Sabrina"]
[Black "Gabatshwarwe, Refilwe"]
[Result "1-0"]
[WhiteElo "2374"]
[BlackElo "1787"]
[PlyCount "75"]
[EventDate "2024.09.11"]
[EventType "team-tourn"]
[EventRounds "11"]
[EventCountry "HUN"]
[WhiteTeam "Spain"]
[BlackTeam "Botswana"]
[WhiteTeamCountry "ESP"]
[BlackTeamCountry "BOT"]

1. e4 e5 2. Nf3 Nc6 3. Nc3 Nf6 4. g3 Bc5 5. Bg2 d6 6. d3 h6 7. O-O Be6 8. h3 Qd7 9. Kh2 g5 10. Nd2 $146 ({RR} 10. Na4 Bb6 11. Nxb6 axb6 12. d4 g4 13. d5 gxf3 14. Qxf3 Nxd5 15. exd5 Nd4 16. Qf6 Rg8 17. dxe6 Qxe6 18. Qxe6+ fxe6 19. Bxh6 c6 20. c3 Nf5 21. Be3 Kd7 22. g4 Ne7 23. Bxb6 c5 24. a4 Ng6 {1-0 Kopylov,D (1901)-Kittelberger,M (1373) GER-chT U12 Verden 2014 (1.1)}) ({RR} 10. Ng1 Nd4 11. Be3 O-O-O 12. Rb1 Bb6 13. b4 d5 14. exd5 Nxd5 15. Nxd5 Bxd5 16. Bxd5 Qxd5 17. c4 Qd7 18. c5 Nb5 19. cxb6 axb6 20. Qc1 Kb8 21. a4 Nd6 22. a5 Qb5 23. axb6 cxb6 24. Qa3 Nc8 {1-0 Arjona Martinez,S (1985)-Lakunza Oyarbide,J (2175) Pamplona op 16th 2006 (7)}) ({RR} 10. Ne1 d5 11. Qf3 Qe7 12. Nxd5 Bxd5 13. exd5 Nd4 14. Qd1 O-O-O 15. c3 Nf5 16. Qf3 Nd6 17. Be3 g4 18. Qe2 Bxe3 19. fxe3 e4 20. c4 exd3 21. Qxd3 gxh3 22. Bxh3+ Kb8 23. Nf3 h5 24. Nh4 Ng4+ {0-1 Bebel,A (2152)-Heberla,B (2506) Wroclaw Polonia op 3rd 2008 (4)}) 10... O-O-O 11. Nd5 Bxd5 12. exd5 Ne7 13. c4 Rdg8 14. Rb1 h5 15. b4 Bd4 16. Ne4 Nxe4 17. dxe4 f5 18. exf5 Nxf5 19. Be4 Ne7 20. Be3 Bxe3 21. fxe3 Rf8 22. Rb2 Rxf1 23. Qxf1 Kb8 24. c5 c6 25. dxc6 Nxc6 26. b5 Na5 27. Qd3 Rd8 28. c6 Qc7 29. Bd5 b6 30. Rf2 Rc8 31. Rf7 Qd8 32. Qf5 a6 33. Be6 Nxc6 34. bxc6 h4 35. Bxc8 hxg3+ 36. Kxg3 Qh8 37. Qd7 Qh4+ 38. Kh2 1-0

[Event "45th Olympiad Budapest 2024"]
[Site "Budapest"]
[Date "2024.09.11"]
[Round "1"]
[Board "1"]
[White "Kamalidenova, Meruert"]
[Black "Quevedo, Andreina"]
[Result "1-0"]
[WhiteElo "2352"]
[BlackElo "1851"]
[PlyCount "47"]
[EventDate "2024.09.11"]
[EventType "team-tourn"]
[EventRounds "11"]
[EventCountry "HUN"]
[WhiteTeam "Kazakhstan"]
[BlackTeam "Uruguay"]
[WhiteTeamCountry "KAZ"]
[BlackTeamCountry "URU"]

1. e4 d6 2. d4 Nf6 3. Nc3 e5 4. Nf3 Nbd7 5. Bc4 Be7 6. O-O O-O 7. a4 c6 8. Re1 h6 9. h3 Re8 10. Ba2 exd4 ({RR} 10... Qc7 11. Nh4 exd4 12. Qxd4 Nf8 13. Qd3 Be6 14. Bxe6 Nxe6 15. Nf5 Bf8 16. Qf3 Nd7 17. Be3 Ne5 18. Qg3 Kh7 19. Rad1 g6 20. Nh4 Bg7 21. Bc1 Qe7 22. f4 Bf6 23. Nf3 Nxf3+ 24. Qxf3 Nc5 25. e5 {1-0 Grischuk,A (2764)-Jobava,B (2711) Beijing Sportaccord blindfold rapid 2012 (6)}) 11. Nxd4 Bf8 12. Bf4 Qc7 $146 ({RR} 12... Nc5 13. f3 Ne6 14. Be3 d5 15. exd5 cxd5 16. Bf2 a6 17. Qd2 Bb4 18. Rad1 Ba5 19. Nb3 Bc7 20. Nxd5 Nxd5 21. Qxd5 Qf6 22. Nd4 Rd8 23. Qf5 Qe7 24. Qe4 Qd6 25. g3 Ng5 26. Qh4 Nxh3+ 27. Kg2 {1-0 Caspi,I (2489)-Sanal,V (2581) Titled Tuesday intern op 4th Aug 10am blitz 2020 (5)}) ({RR} 12... Nc5 13. f3 Ne6 14. Be3 Nxd4 15. Bxd4 Be6 16. Bxe6 Rxe6 17. a5 d5 18. e5 c5 19. Bf2 d4 20. exf6 dxc3 21. fxg7 Bxg7 22. b3 Rd6 23. Qe2 Rd2 24. Qe4 Qg5 25. f4 Qg6 26. f5 Qc6 27. Qg4 {½-½ Niemann,H (2692)-Sanal,V (2567) Titled Tue 9th Jan Early 2024 (7)}) ({RR} 12... Nc5 13. Qf3 Ne6 14. Bxe6 Bxe6 15. Rad1 d5 16. e5 Nd7 17. Nce2 Nc5 18. b3 Qh4 19. Qe3 a6 20. f3 Bd7 21. Qd2 f6 22. Bg3 Qg5 23. Qxg5 hxg5 24. exf6 gxf6 25. Bf2 Kf7 26. g4 Rad8 27. Kg2 {½-½ Alekseenko,K (2674)-Berkes,F (2667) EU-chT 22nd Batumi 2019 (3.4)}) ({RR} 12... Ne5 13. Bg3 a5 14. f4 Ng6 15. Kh1 Ne7 16. e5 dxe5 17. fxe5 Nfd5 18. Qf3 Be6 19. Rf1 Qd7 20. Rad1 Rad8 21. Ne4 Ng6 22. Rd2 Qc7 23. Qh5 Bb4 24. c3 Bf8 25. Rdf2 Rd7 26. Nd6 Bxd6 27. exd6 {1-0 Redondo Benavente,A (2176)-Brunet Gil,P (2035) ESP-ch U18 Salobrena 2019 (4)}) 13. Qf3 Ne5 14. Qe2 Rb8 15. Qd2 Kh7 16. Bh2 a6 17. f4 Ng6 18. Kh1 b5 19. e5 dxe5 20. fxe5 Nd5 21. Bxd5 cxd5 22. e6 Bd6 23. Nxd5 Qc5 24. Nb3 1-0

[Event "45th Olympiad Budapest 2024"]
[Site "Budapest"]
[Date "2024.09.11"]
[Round "1"]
[Board "4"]
[White "Cardozo, Camila"]
[Black "Kairbekova, Amina"]
[Result "0-1"]
[WhiteElo "1673"]
[BlackElo "2243"]
[PlyCount "74"]
[EventDate "2024.09.11"]
[EventType "team-tourn"]
[EventRounds "11"]
[EventCountry "HUN"]
[WhiteTeam "Uruguay"]
[BlackTeam "Kazakhstan"]
[WhiteTeamCountry "URU"]
[BlackTeamCountry "KAZ"]

1. d4 {Tsesarsky,Ilya} Nf6 2. Nf3 g6 3. c4 Bg7 4. Nc3 d6 5. e4 O-O 6. Be2 e5 7. d5 a5 8. Bg5 h6 9. Bh4 Na6 10. O-O Nc5 11. Nd2 Bd7 12. Qc2 ({RR} 12. Nb3) ({RR} 12. Rb1) ({RR} 12. Rc1) ({RR} 12. f3) ({RR} 12. Kh1) ({RR} 12. b3) 12... Qe8 ({RR} 12... g5 13. Bg3 h5 ({RR} 13... Nfxe4 14. Ndxe4 Nxe4 15. Nxe4 f5 16. f3 fxe4 17. fxe4) 14. h4 ({RR} 14. f3 h4 15. Bf2 Nh5 16. g3 f5 17. exf5 ({RR} 17. f4 g4 ({RR} 17... gxf4 18. Bxh5 Qg5 19. Bf3) 18. fxe5 ({RR} 18. exf5 hxg3 19. hxg3 exf4 20. Bxg4 fxg3 21. Bxc5 Qh4) 18... hxg3 19. hxg3 Bxe5) 17... Bxf5 18. Nde4) 14... Ng4 15. hxg5 ({RR} 15. Nf3 f5 16. exf5 ({RR} 16. Nxg5 f4 17. Bh2 Bf6 18. Bxf4 ({RR} 18. Nh3 Bxh4) 18... exf4 19. e5 Bxg5 20. Qg6+ Kh8 21. Qxh5+ Kg7 22. e6 ({RR} 22. Bxg4 Rh8 23. Qxg5+ Qxg5 24. hxg5 Bxg4) 22... Ne5 23. Qxg5+ Qxg5 24. hxg5 Be8) 16... Bxf5 17. Qd2 gxh4 18. Bxh4 Bf6 19. g3 e4 20. Bxf6 Qxf6 21. Nh4 Ne5 22. Nxf5 Qxf5) 15... Qxg5 16. Nf3 Qh6 17. Nh4 Bf6 18. Nf5 ({RR} 18. Bxg4 hxg4 19. Nf5 Bxf5 20. exf5 Kg7) 18... Bxf5 19. exf5 h4 ({RR} 19... Qg5 20. Nb5 Rac8 21. f4) 20. Bxg4 hxg3 21. fxg3 e4 22. Bh3 ({RR} 22. Nxe4 Nxe4 ({RR} 22... Bd4+ 23. Nf2 Rfe8 24. Bf3 Qg7 25. g4 Bxb2 26. Rae1 Bd4 27. g3 Bxf2+ 28. Kxf2 Qd4+ 29. Kg2 Nd3 30. Re2) ({RR} 22... Qe3+ 23. Nf2 Qxg3 24. Bf3 Kh7 25. Rfe1 Rg8 26. Kf1) 23. Qxe4 Rae8 24. Qd3 Re3 25. Qd2 Bg5 26. Qf2 Re5 27. Rae1 Be3 28. Rxe3 Rxe3) 22... Rfe8 ({RR} 22... Qe3+ 23. Kh2 Be5 24. Qf2 Qg5 25. Rae1 Nd3 26. Qe3 Qxe3 27. Rxe3 Nxb2) 23. Rae1 e3 ({RR} 23... Bxc3 24. Qxc3 Nd3 25. Re2 Qg5 26. Qd4 Qxg3 27. Rxe4 Rxe4 28. Qxe4) 24. Re2 ({RR} 24. Nd1 Re7 25. Qe2 Rae8 26. Kh2 Ne4 27. Rf3 Bg5 ({RR} 27... Qg5)) 24... Re7 25. Rf3 Rae8 26. Kh2 ({RR} 26. a3) 26... Bg5 27. Kg1 {0-1 Shulman,Y (2551)-Fedorov,A (2590) EU-ch 2nd Ohrid 2001 (13)}) ({RR} 12... Qe7 13. Nb3 b6 14. Nxc5 bxc5 15. b3 Nh7 16. f3 f5 17. exf5 gxf5 18. Rab1 Bf6 19. Bf2 Qf7) 13. b3 ({RR} 13. Nb5 Rc8 14. Rae1 Nh7 15. Nb3 b6 16. Nxc5 dxc5 17. Qd1 Bxb5 18. cxb5 Qd7 19. Kh1 Qd6 20. Qd2 Nf6 21. Qe3 Ne8 22. b3 Qd7 23. Bg3 Nd6) 13... Nh7 14. f3 ({RR} 14. a3 f5 15. f3 Bf6 16. Bf2 Bg5 17. b4 axb4 18. axb4 Na6 19. Rab1 b6 20. Nb5 Nf6 21. h4 Bxd2 22. Qxd2 f4 23. Ra1) ({RR} 14. a3 f5 15. f3 Bf6 16. Bf2 Qe7 17. b4 axb4 18. axb4 Na6 19. c5 Nxb4 20. Qb3 dxc5 21. d6+ Qf7 22. Bc4 {1-0 Barria Zuniga,D (2341)-Janaszak,D (2308) Titled Tue 5th Mar Early 2024 (11)}) 14... Bf6 $146 ({RR} 14... h5 15. Bf2 Bh6 16. Rfb1 f5 17. a3 Nf6 18. Bd3 Bxd2 19. Qxd2 Nxd3 20. Qxd3 fxe4 21. fxe4 Ng4 22. Rf1 Qe7 23. h3 Nxf2 24. Rxf2 Rxf2 25. Kxf2 Rf8+ 26. Kg1 Qg5 27. b4 axb4 28. axb4 h4 29. c5 {1-0 Ollier,P (2371)-Brueckner,T (2375) Titled Tuesday intern Qual3 18th April blitz 2017 (9)}) ({RR} 14... f5 15. a3 Nf6 16. Nb5 Na6 17. Bf2 Nh5 18. g3 Nf6 19. Bd3 fxe4 20. Nxe4 Nxe4 21. Bxe4 Bf5 22. Be3 Qd7 23. Rad1 b6 24. Bxf5 Qxf5 25. Qe4 Rf7 26. g4 Qf6 27. f4 Raf8 28. fxe5 Qxe5 29. Qxe5 {½-½ Seleljo,D (2259)-Soural,J (2227) Prague Cup 2007 (6)}) ({RR} 14... f5 15. a3 f4 16. b4 axb4 17. axb4 Na6 18. Qb3 g5 19. Bf2 Nf6 20. c5 g4 21. c6 g3 22. cxb7 gxf2+ 23. Rxf2 Ra7 24. Bxa6 Rf7 25. b5 Qb8 26. Nc4 Rxb7 27. Bxb7 Qxb7 28. Rfa2 Nxd5 29. Ra7 {1-0 Molvig,H (2087)-Jensen,T (1964) DEN-ch G7-A Skorping 2014 (3)}) 15. Bf2 b6 16. a3 Bg5 17. Rfb1 a4 18. Bxc5 axb3 19. Qxb3 Bxd2 20. Bf2 Bxc3 21. Qxc3 f5 22. exf5 gxf5 23. Bd1 Nf6 24. Bc2 Rf7 25. Qd2 Rg7 26. a4 Qg6 27. Be3 Qh5 28. Bxh6 Rg6 29. Be3 Kf7 30. Bf2 Rag8 31. Bg3 Rh6 32. Kf1 f4 33. Bf2 Qxh2 34. Bg1 Qh1 35. Be4 Rh2 36. Rb2 Rhxg2 37. Qxg2 Bh3 0-1

[Event "45th Olympiad Budapest 2024"]
[Site "Budapest"]
[Date "2024.09.11"]
[Round "1"]
[Board "1"]
[White "Johnson, Gabriella"]
[Black "Mkrtchian, Lilit"]
[Result "0-1"]
[WhiteElo "1896"]
[BlackElo "2366"]
[PlyCount "66"]
[EventDate "2024.09.11"]
[EventType "team-tourn"]
[EventRounds "11"]
[EventCountry "HUN"]
[WhiteTeam "Trinidad & Tobago"]
[BlackTeam "Armenia"]
[BlackTeamCountry "ARM"]

1. e4 c6 2. d4 d5 3. exd5 cxd5 4. Bd3 Nc6 5. c3 e6 6. Bf4 Bd6 7. Bxd6 Qxd6 8. Nf3 Nge7 9. O-O O-O 10. Re1 Bd7 11. Nbd2 f6 12. c4 g5 $146 ({RR} 12... Nb4 13. Bf1 a5 14. a3 Nbc6 15. Nb3 dxc4 16. Bxc4 b6 17. Nbd2 Nxd4 18. Nxd4 Qxd4 19. Bxe6+ Bxe6 20. Rxe6 Nf5 21. Nf3 Qxb2 22. Rb1 Qxa3 23. Qd5 Qc5 24. Qa2 Kh8 25. Rexb6 Nd6 26. Qe6 Rfd8 27. h4 {0-1 Mede,I (2141)-Medvegy,Z (2508) TCh-HUN 2023-24 (9.7)}) ({RR} 12... Be8 13. cxd5 exd5 14. Nb3 Bh5 15. Re3 b6 16. Qd2 Bg6 {½-½ Birkisson,B (2142)-Song,J (2348) Reykjavik Open 2023 (7.34)}) 13. c5 Qc7 14. h3 Kh8 15. a3 a5 16. Nf1 Rg8 17. g3 e5 18. dxe5 fxe5 19. Bb5 e4 20. Nd4 Bxh3 21. Ne3 Qe5 22. Bxc6 Nxc6 23. Qh5 Nxd4 24. Qxh3 Nf3+ 25. Kg2 Nxe1+ 26. Rxe1 Raf8 27. Rh1 Rg7 28. Rb1 d4 29. Ng4 Qxc5 30. b4 Qc2 31. Rf1 e3 32. Qh6 e2 33. Re1 Qe4+ 0-1